Normal view MARC view

Entry Nombre personal

Number of records used in: 1

001 - NÚMERO DE CONTROL

  • campo de control: 29536

003 - IDENTIFICADOR DE NÚMERO DE CONTROL

  • campo de control: mxcmmo

005 - FECHA Y HORA DE LA ÚLTIMA TRANSACCIÓN

  • campo de control: 20241018000025.0

008 - ELEMENTOS DE DATO DE LONGITUD-FIJA

  • campo de control de longitud fija: 241018|| aca||aabn | a|a d

040 ## - FUENTE DE CATALOGACIÓN

  • Centro catalogador/agencia de origen: mxcmmo
  • Centro/agencia transcriptor: mxcmmo

100 ## - ENCABEZAMIENTO-NOMBRE DE PERSONA

  • Nombre de persona: Labastida y Dávalos, Pelagio Antonio de
  • Títulos y otros términos asociados al nombre: arz. de México
  • Fechas asociadas al nombre: 1815-1891
  • Subdivisión general: Alocuciones, ensayos, conferencias

670 ## - FUENTE DE DATOS ENCONTRADOS

  • Cita de la fuente: Work cat.: (mxcmmo)14698: Elogio funebre y otras piezas economiasticas del Illmo. y Excmo. Sr. Dr. don Pelagio Antonio de Labastida y Dávalos arzobispo de México